Państwa świata uznawane przez Polskę (mapa) - Statystyki

Ogólne statystyki
  • Ten quiz został rozwiązany 19 razy
  • Średni wynik to 128 z 197
Odpowiedzi na mapie
Odpowiedzi zakodowano w zielono-czerwonej skali na mapie do tego quizu, zgodnie z poniższymi procentami.
 
Statystyki odpowiedzi
Państwo % Poprawnych
Albania
100%
Andora
100%
Argentyna
100%
Austria
100%
Belgia
100%
Białoruś
100%
Brazylia
100%
Bułgaria
100%
Chile
100%
Chorwacja
100%
Cypr
100%
Czechy
100%
Dania
100%
Estonia
100%
Finlandia
100%
Francja
100%
Hiszpania
100%
Holandia
100%
Irak
100%
Iran
100%
Irlandia
100%
Islandia
100%
Izrael
100%
Kanada
100%
Kolumbia
100%
Kosowo
100%
Kuba
100%
Litwa
100%
Łotwa
100%
Macedonia Północna
100%
Malta
100%
Meksyk
100%
Mołdawia
100%
Niemcy
100%
Norwegia
100%
Peru
100%
Polska
100%
Portugalia
100%
Rosja
100%
Rumunia
100%
San Marino
100%
Słowacja
100%
Słowenia
100%
Stany Zjednoczone
100%
Szwajcaria
100%
Szwecja
100%
Ukraina
100%
Urugwaj
100%
Watykan
100%
Węgry
100%
Wielka Brytania
100%
Włochy
100%
Afganistan
83%
Arabia Saudyjska
83%
Armenia
83%
Australia
83%
Azerbejdżan
83%
Bośnia i Hercegowina
83%
Chiny
83%
Czad
83%
Czarnogóra
83%
Egipt
83%
Ekwador
83%
Grecja
83%
Indie
83%
Indonezja
83%
Jamajka
83%
Japonia
83%
Kazachstan
83%
Liban
83%
Libia
83%
Liechtenstein
83%
Luksemburg
83%
Madagaskar
83%
Maroko
83%
Monako
83%
Nepal
83%
Nowa Zelandia
83%
Oman
83%
Pakistan
83%
Paragwaj
83%
Republika Zielonego Przylądka
83%
Serbia
83%
Turcja
83%
Wenezuela
83%
Zjednoczone Emiraty Arabskie
83%
Algieria
67%
Boliwia
67%
Dominika
67%
Dominikana
67%
Gruzja
67%
Haiti
67%
Jemen
67%
Jordania
67%
Kenia
67%
Korea Północna
67%
Korea Południowa
67%
Mongolia
67%
Niger
67%
Nigeria
67%
Panama
67%
Południowa Afryka
67%
Senegal
67%
Sri Lanka
67%
Syria
67%
Tajlandia
67%
Trynidad i Tobago
67%
Tunezja
67%
Uzbekistan
67%
Bahamy
50%
Bahrajn
50%
Bangladesz
50%
Belize
50%
Benin
50%
Bhutan
50%
Burkina Faso
50%
Demokratyczna Republika Konga
50%
Erytrea
50%
Filipiny
50%
Gujana
50%
Gwatemala
50%
Gwinea
50%
Honduras
50%
Kambodża
50%
Katar
50%
Kirgistan
50%
Kongo
50%
Kostaryka
50%
Kuwejt
50%
Laos
50%
Malezja
50%
Mjanma
50%
Nikaragua
50%
Papua-Nowa Gwinea
50%
Republika Środkowoafrykańska
50%
Rwanda
50%
Salwador
50%
Singapur
50%
Somalia
50%
Surinam
50%
Tadżykistan
50%
Tanzania
50%
Togo
50%
Turkmenistan
50%
Uganda
50%
Wietnam
50%
Wyspy Świętego Tomasza i Książęca
50%
Zambia
50%
Angola
33%
Antigua i Barbuda
33%
Barbados
33%
Botswana
33%
Brunei
33%
Etiopia
33%
Fidżi
33%
Gabon
33%
Gambia
33%
Ghana
33%
Gwinea Bissau
33%
Gwinea Równikowa
33%
Kamerun
33%
Lesotho
33%
Liberia
33%
Malediwy
33%
Mali
33%
Mauretania
33%
Mikronezja
33%
Mozambik
33%
Namibia
33%
Palau
33%
Saint Kitts i Nevis
33%
Saint Lucia
33%
Seszele
33%
Sierra Leone
33%
Sudan
33%
Sudan Południowy
33%
Wybrzeże Kości Słoniowej
33%
Wyspy Marshalla
33%
Zimbabwe
33%
Burundi
17%
Dżibuti
17%
Eswatini
17%
Grenada
17%
Kiribati
17%
Komory
17%
Malawi
17%
Mauritius
17%
Nauru
17%
Niue
17%
Saint Vincent i Grenadyny
17%
Timor Wschodni
17%
Tonga
17%
Tuvalu
17%
Vanuatu
17%
Wyspy Salomona
17%
Samoa
0%
Wyspy Cooka
0%
Nie znaleziono quizów pasujących do podanych kryteriów
Rozkład punktacji
Procent ludzi z każdym wynikiem
Percentyl według liczby udzielonych odpowiedzi
Twoja historia wyników
Nie rozwiązałeś tego quizu